000 00464nam a2200181Ia 4500
001 3725
005 20260306145704.0
008 260306t2002||||xx |||||||||||||| ||spa||
041 _aESP
082 _a302.2
_bB86
100 _aBuckingham, D.
_eAUT
245 0 _aCrecer en la era de los medios electronicos:
_bafter the death of childhoold
260 _c2002
300 _a247 páginas :
_c24 cm.
650 _aGEN
654 _aCED
942 _cLIB
_dJUS
_fJUS
_2ddc
_n
999 _c3725
_d3725